01228nab a22002417a 4500003000400000005001700004008004100021040000700062100003000069245018200099260007300281300001500354500003700369505013900406505008200545650002300627650003200650650005200682650002500734650003400759700003900793773015400832OSt20251226105206.0190429b xxu||||| |||| 00| 0 spa d cPJ aTugnoli, María Fernanda13aEl interés superior del niño y el rol del defensor de niños, niñas y adolescentes en las detenciones domiciliarias /cMaría Fernanda Tugnoli, María Guadalupe Barone. cCiudad Autónoma de Buenos Aires :aThomson Reuters La Ley, b2025. ap. 143-148 aCita: TR LALEY AR/DOC/1913/2025. aSumario: I. Introducción.— II. Acuerdo parcial.— III. Juicio parcial.— IV. Antecedentes jurisprudenciales.— V. Conclusiones. tSi te interesa el texto completo, solicitalo a koha@justierradelfuego.gov.ar  0aDERECHO DE FAMILIA 0aINTERES SUPERIOR DEL NIÑO 0aDERECHOS DE LAS NIÑAS, NIÑOS Y ADOLESCENTES 0aPRISION DOMICILIARIA 0aPENA PRIVATIVA DE LA LIBERTAD aBarone, María Guadalupeecoautor0 02658tRevista de derecho penal y criminología. Nº 8 - Septiembre 2025dCiudad Autónoma de Buenos Aires : Thomson Reuters La Ley, 2017-x00347914